Statistics for 20 Random Multiplications (2 digits x 2 digits) in 30 second

Click here to take the quiz!

General Stats

  • This quiz has been taken 702 times
  • The average score is 2 of 20

Answer Stats

_ x _ANSWER% Correct
13 x 771001
100%
11 x 941034
100%
11 x 951045
100%
30 x 351050
100%
21 x 501050
100%
11 x 981078
100%
22 x 501100
100%
16 x 691104
100%
23 x 481104
100%
20 x 561120
100%
32 x 351120
100%
13 x 901170
100%
12 x 981176
100%
20 x 591180
100%
30 x 401200
100%
20 x 601200
100%
22 x 551210
100%
16 x 761216
100%
15 x 841260
100%
20 x 641280
100%
26 x 501300
100%
36 x 371332
100%
18 x 771386
100%
24 x 581392
100%
20 x 701400
100%
28 x 501400
100%
19 x 741406
100%
30 x 481440
100%
18 x 801440
100%
36 x 401440
100%
29 x 501450
100%
20 x 731460
100%
20 x 741480
100%
37 x 401480
100%
36 x 421512
100%
31 x 511581
100%
40 x 401600
100%
20 x 821640
100%
22 x 751650
100%
20 x 841680
100%
13 x 13169
100%
32 x 531696
100%
35 x 491715
100%
32 x 541728
100%
19 x 911729
100%
35 x 501750
100%
25 x 701750
100%
22 x 811782
100%
28 x 641792
100%
30 x 601800
100%
20 x 901800
100%
13 x 14182
100%
20 x 921840
100%
19 x 971843
100%
21 x 881848
100%
31 x 601860
100%
27 x 701890
100%
35 x 551925
100%
44 x 441936
100%
25 x 781950
100%
24 x 821968
100%
11 x 18198
100%
40 x 502000
100%
30 x 672010
100%
33 x 612013
100%
29 x 702030
100%
36 x 612196
100%
11 x 20220
100%
24 x 932232
100%
23 x 992277
100%
26 x 892314
100%
40 x 592360
100%
37 x 642368
100%
36 x 672412
100%
41 x 602460
100%
50 x 502500
100%
26 x 972522
100%
13 x 20260
100%
12 x 22264
100%
33 x 802640
100%
50 x 532650
100%
45 x 602700
100%
50 x 552750
100%
36 x 772772
100%
14 x 20280
100%
11 x 26286
100%
30 x 962880
100%
14 x 21294
100%
31 x 962976
100%
14 x 22308
100%
50 x 633150
100%
16 x 20320
100%
33 x 973201
100%
44 x 733212
100%
42 x 783276
100%
41 x 803280
100%
44 x 753300
100%
34 x 993366
100%
50 x 683400
100%
37 x 923404
100%
11 x 31341
100%
57 x 603420
100%
50 x 693450
100%
41 x 853485
100%
60 x 613660
100%
40 x 923680
100%
50 x 743700
100%
19 x 20380
100%
54 x 713834
100%
16 x 24384
100%
56 x 693864
100%
43 x 903870
100%
40 x 973880
100%
62 x 633906
100%
42 x 943948
100%
52 x 763952
100%
55 x 723960
100%
50 x 804000
100%
51 x 794029
100%
49 x 844116
100%
11 x 38418
100%
53 x 804240
100%
17 x 25425
100%
15 x 30450
100%
47 x 984606
100%
11 x 42462
100%
11 x 43473
100%
58 x 824756
100%
20 x 24480
100%
16 x 30480
100%
12 x 40480
100%
62 x 784836
100%
11 x 44484
100%
50 x 974850
100%
52 x 944888
100%
70 x 714970
100%
60 x 834980
100%
12 x 42504
100%
11 x 47517
100%
14 x 37518
100%
55 x 965280
100%
62 x 885456
100%
11 x 51561
100%
59 x 985782
100%
60 x 975820
100%
11 x 53583
100%
60 x 985880
100%
11 x 54594
100%
60 x 995940
100%
20 x 30600
100%
12 x 50600
100%
15 x 40600
100%
70 x 866020
100%
12 x 51612
100%
20 x 31620
100%
69 x 906210
100%
76 x 826232
100%
65 x 996435
100%
13 x 50650
100%
80 x 826560
100%
15 x 44660
100%
22 x 30660
100%
23 x 29667
100%
16 x 42672
100%
15 x 45675
100%
14 x 50700
100%
11 x 64704
100%
15 x 47705
100%
76 x 937068
100%
75 x 977275
100%
12 x 63756
100%
19 x 40760
100%
22 x 35770
100%
11 x 70770
100%
19 x 41779
100%
26 x 30780
100%
20 x 39780
100%
28 x 28784
100%
90 x 908100
100%
82 x 998118
100%
83 x 988134
100%
11 x 75825
100%
21 x 40840
100%
13 x 65845
100%
20 x 43860
100%
21 x 41861
100%
11 x 80880
100%
89 x 998811
100%
30 x 30900
100%
96 x 969216
100%
15 x 64960
100%
12 x 80960
100%
18 x 54972
100%
20 x 49980
100%
19 x 52988
100%
22 x 45990
100%
13 x 801040
67%
30 x 371110
67%
32 x 501600
67%
29 x 601740
67%
14 x 15210
67%
30 x 712130
67%
11 x 23253
67%
51 x 522652
67%
11 x 29319
67%
50 x 663300
67%
19 x 19361
67%
14 x 26364
67%
11 x 60660
67%
17 x 42714
67%
20 x 501000
50%
11 x 911001
50%
19 x 531007
50%
20 x 541080
50%
22 x 511122
50%
23 x 491127
50%
12 x 941128
50%
17 x 701190
50%
20 x 611220
50%
25 x 491225
50%
20 x 651300
50%
20 x 671340
50%
20 x 711420
50%
18 x 831494
50%
37 x 411517
50%
22 x 701540
50%
23 x 681564
50%
19 x 871653
50%
19 x 881672
50%
41 x 431763
50%
23 x 771771
50%
18 x 991782
50%
22 x 821804
50%
30 x 621860
50%
28 x 701960
50%
38 x 532014
50%
32 x 652080
50%
40 x 522080
50%
27 x 802160
50%
13 x 17221
50%
30 x 742220
50%
25 x 902250
50%
41 x 552255
50%
40 x 572280
50%
24 x 972328
50%
12 x 20240
50%
16 x 16256
50%
49 x 532597
50%
11 x 24264
50%
43 x 652795
50%
41 x 702870
50%
11 x 27297
50%
37 x 823034
50%
17 x 18306
50%
15 x 21315
50%
39 x 823198
50%
57 x 573249
50%
15 x 24360
50%
18 x 20360
50%
53 x 703710
50%
40 x 953800
50%
16 x 25400
50%
50 x 844200
50%
43 x 994257
50%
14 x 31434
50%
48 x 934464
50%
54 x 834482
50%
50 x 904500
50%
60 x 774620
50%
50 x 934650
50%
69 x 694761
50%
13 x 37481
50%
59 x 824838
50%
18 x 27486
50%
11 x 46506
50%
54 x 955130
50%
17 x 31527
50%
14 x 38532
50%
65 x 825330
50%
14 x 39546
50%
72 x 765472
50%
60 x 955700
50%
15 x 39585
50%
21 x 30630
50%
16 x 40640
50%
80 x 816480
50%
16 x 41656
50%
26 x 26676
50%
83 x 877221
50%
25 x 29725
50%
18 x 42756
50%
14 x 55770
50%
85 x 927820
50%
87 x 907830
50%
24 x 33792
50%
20 x 40800
50%
90 x 918190
50%
91 x 938463
50%
93 x 938649
50%
15 x 61915
50%
11 x 36396
40%
21 x 481008
33%
30 x 341020
33%
27 x 401080
33%
26 x 581508
33%
20 x 761520
33%
11 x 14154
33%
17 x 941598
33%
12 x 15180
33%
26 x 701820
33%
34 x 551870
33%
39 x 491911
33%
40 x 732920
33%
17 x 20340
33%
43 x 954085
33%
18 x 23414
33%
64 x 694416
33%
11 x 45495
33%
72 x 725184
33%
61 x 905490
33%
11 x 50550
33%
24 x 25600
33%
18 x 41738
33%
11 x 88968
33%
14 x 71994
33%
20 x 25500
29%
21 x 591239
25%
22 x 992178
25%
25 x 942350
25%
11 x 48528
25%
56 x 633528
20%
70 x 966720
20%
22 x 40880
20%
25 x 401000
0%
17 x 591003
0%
15 x 671005
0%
24 x 421008
0%
16 x 631008
0%
12 x 841008
0%
18 x 561008
0%
14 x 721008
0%
28 x 361008
0%
22 x 461012
0%
11 x 921012
0%
23 x 441012
0%
13 x 781014
0%
26 x 391014
0%
29 x 351015
0%
20 x 511020
0%
15 x 681020
0%
17 x 601020
0%
12 x 851020
0%
14 x 731022
0%
31 x 331023
0%
11 x 931023
0%
32 x 321024
0%
16 x 641024
0%
25 x 411025
0%
19 x 541026
0%
18 x 571026
0%
27 x 381026
0%
13 x 791027
0%
21 x 491029
0%
12 x 861032
0%
24 x 431032
0%
22 x 471034
0%
15 x 691035
0%
23 x 451035
0%
14 x 741036
0%
28 x 371036
0%
17 x 611037
0%
16 x 651040
0%
26 x 401040
0%
20 x 521040
0%
12 x 871044
0%
29 x 361044
0%
18 x 581044
0%
19 x 551045
0%
15 x 701050
0%
14 x 751050
0%
25 x 421050
0%
27 x 391053
0%
13 x 811053
0%
17 x 621054
0%
31 x 341054
0%
22 x 481056
0%
11 x 961056
0%
16 x 661056
0%
32 x 331056
0%
12 x 881056
0%
24 x 441056
0%
23 x 461058
0%
20 x 531060
0%
18 x 591062
0%
28 x 381064
0%
19 x 561064
0%
14 x 761064
0%
15 x 711065
0%
13 x 821066
0%
26 x 411066
0%
11 x 971067
0%
12 x 891068
0%
21 x 511071
0%
17 x 631071
0%
16 x 671072
0%
29 x 371073
0%
25 x 431075
0%
22 x 491078
0%
14 x 771078
0%
13 x 831079
0%
30 x 361080
0%
12 x 901080
0%
15 x 721080
0%
24 x 451080
0%
18 x 601080
0%
23 x 471081
0%
19 x 571083
0%
31 x 351085
0%
32 x 341088
0%
17 x 641088
0%
16 x 681088
0%
11 x 991089
0%
33 x 331089
0%
12 x 911092
0%
21 x 521092
0%
28 x 391092
0%
14 x 781092
0%
13 x 841092
0%
26 x 421092
0%
15 x 731095
0%
18 x 611098
0%
20 x 551100
0%
25 x 441100
0%
19 x 581102
0%
29 x 381102
0%
12 x 921104
0%
24 x 461104
0%
17 x 651105
0%
13 x 851105
0%
14 x 791106
0%
27 x 411107
0%
15 x 741110
0%
21 x 531113
0%
12 x 931116
0%
18 x 621116
0%
31 x 361116
0%
13 x 861118
0%
26 x 431118
0%
14 x 801120
0%
28 x 401120
0%
16 x 701120
0%
19 x 591121
0%
33 x 341122
0%
17 x 661122
0%
25 x 451125
0%
15 x 751125
0%
24 x 471128
0%
29 x 391131
0%
13 x 871131
0%
21 x 541134
0%
18 x 631134
0%
27 x 421134
0%
14 x 811134
0%
16 x 711136
0%
17 x 671139
0%
19 x 601140
0%
30 x 381140
0%
15 x 761140
0%
12 x 951140
0%
20 x 571140
0%
13 x 881144
0%
22 x 521144
0%
26 x 441144
0%
31 x 371147
0%
14 x 821148
0%
28 x 411148
0%
23 x 501150
0%
25 x 461150
0%
18 x 641152
0%
16 x 721152
0%
32 x 361152
0%
24 x 481152
0%
12 x 961152
0%
21 x 551155
0%
15 x 771155
0%
33 x 351155
0%
34 x 341156
0%
17 x 681156
0%
13 x 891157
0%
19 x 611159
0%
29 x 401160
0%
20 x 581160
0%
27 x 431161
0%
14 x 831162
0%
12 x 971164
0%
22 x 531166
0%
16 x 731168
0%
18 x 651170
0%
30 x 391170
0%
26 x 451170
0%
15 x 781170
0%
23 x 511173
0%
17 x 691173
0%
25 x 471175
0%
21 x 561176
0%
24 x 491176
0%
28 x 421176
0%
14 x 841176
0%
31 x 381178
0%
19 x 621178
0%
13 x 911183
0%
32 x 371184
0%
16 x 741184
0%
15 x 791185
0%
18 x 661188
0%
22 x 541188
0%
12 x 991188
0%
33 x 361188
0%
27 x 441188
0%
29 x 411189
0%
34 x 351190
0%
14 x 851190
0%
13 x 921196
0%
23 x 521196
0%
26 x 461196
0%
19 x 631197
0%
21 x 571197
0%
16 x 751200
0%
25 x 481200
0%
15 x 801200
0%
24 x 501200
0%
28 x 431204
0%
14 x 861204
0%
18 x 671206
0%
17 x 711207
0%
31 x 391209
0%
13 x 931209
0%
11 x 11121
0%
27 x 451215
0%
15 x 811215
0%
19 x 641216
0%
32 x 381216
0%
21 x 581218
0%
14 x 871218
0%
29 x 421218
0%
23 x 531219
0%
33 x 371221
0%
26 x 471222
0%
13 x 941222
0%
17 x 721224
0%
24 x 511224
0%
18 x 681224
0%
34 x 361224
0%
35 x 351225
0%
30 x 411230
0%
15 x 821230
0%
22 x 561232
0%
28 x 441232
0%
14 x 881232
0%
16 x 771232
0%
19 x 651235
0%
13 x 951235
0%
31 x 401240
0%
20 x 621240
0%
17 x 731241
0%
23 x 541242
0%
18 x 691242
0%
27 x 461242
0%
15 x 831245
0%
14 x 891246
0%
29 x 431247
0%
16 x 781248
0%
32 x 391248
0%
26 x 481248
0%
24 x 521248
0%
13 x 961248
0%
25 x 501250
0%
33 x 381254
0%
22 x 571254
0%
19 x 661254
0%
34 x 371258
0%
17 x 741258
0%
18 x 701260
0%
28 x 451260
0%
21 x 601260
0%
30 x 421260
0%
14 x 901260
0%
35 x 361260
0%
20 x 631260
0%
13 x 971261
0%
16 x 791264
0%
23 x 551265
0%
27 x 471269
0%
31 x 411271
0%
24 x 531272
0%
19 x 671273
0%
14 x 911274
0%
26 x 491274
0%
13 x 981274
0%
17 x 751275
0%
25 x 511275
0%
15 x 851275
0%
29 x 441276
0%
22 x 581276
0%
18 x 711278
0%
32 x 401280
0%
16 x 801280
0%
21 x 611281
0%
13 x 991287
0%
33 x 391287
0%
23 x 561288
0%
14 x 921288
0%
28 x 461288
0%
30 x 431290
0%
15 x 861290
0%
19 x 681292
0%
34 x 381292
0%
17 x 761292
0%
35 x 371295
0%
16 x 811296
0%
18 x 721296
0%
27 x 481296
0%
24 x 541296
0%
36 x 361296
0%
22 x 591298
0%
25 x 521300
0%
21 x 621302
0%
31 x 421302
0%
14 x 931302
0%
29 x 451305
0%
15 x 871305
0%
17 x 771309
0%
23 x 571311
0%
19 x 691311
0%
32 x 411312
0%
16 x 821312
0%
18 x 731314
0%
28 x 471316
0%
14 x 941316
0%
11 x 12132
0%
15 x 881320
0%
33 x 401320
0%
22 x 601320
0%
30 x 441320
0%
20 x 661320
0%
24 x 551320
0%
21 x 631323
0%
27 x 491323
0%
25 x 531325
0%
17 x 781326
0%
26 x 511326
0%
34 x 391326
0%
16 x 831328
0%
14 x 951330
0%
35 x 381330
0%
19 x 701330
0%
18 x 741332
0%
31 x 431333
0%
29 x 461334
0%
23 x 581334
0%
15 x 891335
0%
22 x 611342
0%
17 x 791343
0%
32 x 421344
0%
16 x 841344
0%
14 x 961344
0%
28 x 481344
0%
24 x 561344
0%
21 x 641344
0%
19 x 711349
0%
30 x 451350
0%
27 x 501350
0%
18 x 751350
0%
15 x 901350
0%
25 x 541350
0%
26 x 521352
0%
33 x 411353
0%
23 x 591357
0%
14 x 971358
0%
20 x 681360
0%
16 x 851360
0%
17 x 801360
0%
34 x 401360
0%
29 x 471363
0%
22 x 621364
0%
31 x 441364
0%
35 x 391365
0%
21 x 651365
0%
15 x 911365
0%
36 x 381368
0%
24 x 571368
0%
18 x 761368
0%
19 x 721368
0%
37 x 371369
0%
28 x 491372
0%
14 x 981372
0%
25 x 551375
0%
16 x 861376
0%
32 x 431376
0%
27 x 511377
0%
17 x 811377
0%
26 x 531378
0%
23 x 601380
0%
15 x 921380
0%
20 x 691380
0%
30 x 461380
0%
21 x 661386
0%
14 x 991386
0%
33 x 421386
0%
22 x 631386
0%
19 x 731387
0%
29 x 481392
0%
16 x 871392
0%
34 x 411394
0%
17 x 821394
0%
31 x 451395
0%
15 x 931395
0%
25 x 561400
0%
35 x 401400
0%
23 x 611403
0%
18 x 781404
0%
27 x 521404
0%
26 x 541404
0%
36 x 391404
0%
37 x 381406
0%
21 x 671407
0%
32 x 441408
0%
16 x 881408
0%
22 x 641408
0%
30 x 471410
0%
15 x 941410
0%
17 x 831411
0%
24 x 591416
0%
33 x 431419
0%
29 x 491421
0%
18 x 791422
0%
16 x 891424
0%
15 x 951425
0%
25 x 571425
0%
19 x 751425
0%
31 x 461426
0%
23 x 621426
0%
28 x 511428
0%
17 x 841428
0%
34 x 421428
0%
21 x 681428
0%
11 x 13143
0%
22 x 651430
0%
26 x 551430
0%
27 x 531431
0%
35 x 411435
0%
12 x 12144
0%
15 x 961440
0%
16 x 901440
0%
20 x 721440
0%
32 x 451440
0%
24 x 601440
0%
37 x 391443
0%
19 x 761444
0%
38 x 381444
0%
17 x 851445
0%
21 x 691449
0%
23 x 631449
0%
25 x 581450
0%
33 x 441452
0%
22 x 661452
0%
15 x 971455
0%
28 x 521456
0%
16 x 911456
0%
26 x 561456
0%
31 x 471457
0%
18 x 811458
0%
27 x 541458
0%
17 x 861462
0%
34 x 431462
0%
19 x 771463
0%
24 x 611464
0%
30 x 491470
0%
35 x 421470
0%
15 x 981470
0%
21 x 701470
0%
16 x 921472
0%
23 x 641472
0%
32 x 461472
0%
22 x 671474
0%
25 x 591475
0%
18 x 821476
0%
36 x 411476
0%
17 x 871479
0%
29 x 511479
0%
26 x 571482
0%
38 x 391482
0%
19 x 781482
0%
28 x 531484
0%
27 x 551485
0%
33 x 451485
0%
15 x 991485
0%
31 x 481488
0%
24 x 621488
0%
16 x 931488
0%
21 x 711491
0%
23 x 651495
0%
34 x 441496
0%
22 x 681496
0%
17 x 881496
0%
30 x 501500
0%
25 x 601500
0%
20 x 751500
0%
19 x 791501
0%
32 x 471504
0%
16 x 941504
0%
35 x 431505
0%
29 x 521508
0%
18 x 841512
0%
27 x 561512
0%
28 x 541512
0%
21 x 721512
0%
24 x 631512
0%
17 x 891513
0%
23 x 661518
0%
33 x 461518
0%
22 x 691518
0%
31 x 491519
0%
16 x 951520
0%
19 x 801520
0%
38 x 401520
0%
39 x 391521
0%
25 x 611525
0%
17 x 901530
0%
30 x 511530
0%
18 x 851530
0%
34 x 451530
0%
21 x 731533
0%
26 x 591534
0%
24 x 641536
0%
16 x 961536
0%
32 x 481536
0%
29 x 531537
0%
27 x 571539
0%
19 x 811539
0%
20 x 771540
0%
28 x 551540
0%
35 x 441540
0%
23 x 671541
0%
17 x 911547
0%
36 x 431548
0%
18 x 861548
0%
31 x 501550
0%
25 x 621550
0%
33 x 471551
0%
16 x 971552
0%
21 x 741554
0%
37 x 421554
0%
38 x 411558
0%
19 x 821558
0%
12 x 13156
0%
26 x 601560
0%
20 x 781560
0%
39 x 401560
0%
30 x 521560
0%
24 x 651560
0%
22 x 711562
0%
34 x 461564
0%
17 x 921564
0%
29 x 541566
0%
27 x 581566
0%
18 x 871566
0%
16 x 981568
0%
28 x 561568
0%
32 x 491568
0%
35 x 451575
0%
21 x 751575
0%
25 x 631575
0%
19 x 831577
0%
20 x 791580
0%
17 x 931581
0%
18 x 881584
0%
33 x 481584
0%
24 x 661584
0%
36 x 441584
0%
22 x 721584
0%
16 x 991584
0%
26 x 611586
0%
23 x 691587
0%
30 x 531590
0%
37 x 431591
0%
27 x 591593
0%
29 x 551595
0%
38 x 421596
0%
21 x 761596
0%
28 x 571596
0%
19 x 841596
0%
34 x 471598
0%
39 x 411599
0%
25 x 641600
0%
20 x 801600
0%
18 x 891602
0%
22 x 731606
0%
24 x 671608
0%
35 x 461610
0%
23 x 701610
0%
26 x 621612
0%
31 x 521612
0%
17 x 951615
0%
19 x 851615
0%
21 x 771617
0%
33 x 491617
0%
27 x 601620
0%
18 x 901620
0%
36 x 451620
0%
20 x 811620
0%
30 x 541620
0%
29 x 561624
0%
28 x 581624
0%
25 x 651625
0%
22 x 741628
0%
37 x 441628
0%
24 x 681632
0%
32 x 511632
0%
17 x 961632
0%
34 x 481632
0%
23 x 711633
0%
38 x 431634
0%
19 x 861634
0%
26 x 631638
0%
39 x 421638
0%
21 x 781638
0%
18 x 911638
0%
40 x 411640
0%
31 x 531643
0%
35 x 471645
0%
27 x 611647
0%
17 x 971649
0%
11 x 15165
0%
33 x 501650
0%
25 x 661650
0%
30 x 551650
0%
28 x 591652
0%
29 x 571653
0%
24 x 691656
0%
18 x 921656
0%
23 x 721656
0%
36 x 461656
0%
21 x 791659
0%
20 x 831660
0%
26 x 641664
0%
32 x 521664
0%
37 x 451665
0%
17 x 981666
0%
34 x 491666
0%
22 x 761672
0%
38 x 441672
0%
18 x 931674
0%
27 x 621674
0%
31 x 541674
0%
25 x 671675
0%
39 x 431677
0%
23 x 731679
0%
12 x 14168
0%
28 x 601680
0%
35 x 481680
0%
40 x 421680
0%
21 x 801680
0%
30 x 561680
0%
24 x 701680
0%
41 x 411681
0%
29 x 581682
0%
17 x 991683
0%
33 x 511683
0%
26 x 651690
0%
19 x 891691
0%
36 x 471692
0%
18 x 941692
0%
22 x 771694
0%
20 x 851700
0%
25 x 681700
0%
34 x 501700
0%
27 x 631701
0%
21 x 811701
0%
37 x 461702
0%
23 x 741702
0%
24 x 711704
0%
31 x 551705
0%
28 x 611708
0%
30 x 571710
0%
38 x 451710
0%
19 x 901710
0%
18 x 951710
0%
29 x 591711
0%
26 x 661716
0%
33 x 521716
0%
22 x 781716
0%
39 x 441716
0%
20 x 861720
0%
40 x 431720
0%
41 x 421722
0%
21 x 821722
0%
23 x 751725
0%
25 x 691725
0%
36 x 481728
0%
24 x 721728
0%
18 x 961728
0%
27 x 641728
0%
34 x 511734
0%
31 x 561736
0%
28 x 621736
0%
22 x 791738
0%
37 x 471739
0%
30 x 581740
0%
20 x 871740
0%
26 x 671742
0%
21 x 831743
0%
18 x 971746
0%
23 x 761748
0%
19 x 921748
0%
38 x 461748
0%
33 x 531749
0%
24 x 731752
0%
27 x 651755
0%
39 x 451755
0%
11 x 16176
0%
22 x 801760
0%
40 x 441760
0%
20 x 881760
0%
32 x 551760
0%
42 x 421764
0%
21 x 841764
0%
18 x 981764
0%
36 x 491764
0%
28 x 631764
0%
31 x 571767
0%
19 x 931767
0%
34 x 521768
0%
26 x 681768
0%
29 x 611769
0%
30 x 591770
0%
25 x 711775
0%
37 x 481776
0%
24 x 741776
0%
20 x 891780
0%
33 x 541782
0%
27 x 661782
0%
35 x 511785
0%
21 x 851785
0%
19 x 941786
0%
38 x 471786
0%
32 x 561792
0%
39 x 461794
0%
23 x 781794
0%
26 x 691794
0%
31 x 581798
0%
29 x 621798
0%
24 x 751800
0%
40 x 451800
0%
25 x 721800
0%
36 x 501800
0%
34 x 531802
0%
41 x 441804
0%
19 x 951805
0%
21 x 861806
0%
42 x 431806
0%
27 x 671809
0%
37 x 491813
0%
33 x 551815
0%
23 x 791817
0%
20 x 911820
0%
28 x 651820
0%
35 x 521820
0%
32 x 571824
0%
24 x 761824
0%
19 x 961824
0%
38 x 481824
0%
25 x 731825
0%
22 x 831826
0%
29 x 631827
0%
21 x 871827
0%
31 x 591829
0%
30 x 611830
0%
39 x 471833
0%
34 x 541836
0%
27 x 681836
0%
36 x 511836
0%
23 x 801840
0%
40 x 461840
0%
41 x 451845
0%
26 x 711846
0%
24 x 771848
0%
42 x 441848
0%
22 x 841848
0%
28 x 661848
0%
33 x 561848
0%
43 x 431849
0%
25 x 741850
0%
37 x 501850
0%
35 x 531855
0%
32 x 581856
0%
29 x 641856
0%
20 x 931860
0%
38 x 491862
0%
19 x 981862
0%
23 x 811863
0%
27 x 691863
0%
21 x 891869
0%
11 x 17187
0%
22 x 851870
0%
39 x 481872
0%
26 x 721872
0%
24 x 781872
0%
36 x 521872
0%
25 x 751875
0%
28 x 671876
0%
20 x 941880
0%
40 x 471880
0%
33 x 571881
0%
19 x 991881
0%
29 x 651885
0%
41 x 461886
0%
23 x 821886
0%
37 x 511887
0%
32 x 591888
0%
21 x 901890
0%
30 x 631890
0%
42 x 451890
0%
35 x 541890
0%
31 x 611891
0%
22 x 861892
0%
43 x 441892
0%
24 x 791896
0%
26 x 731898
0%
20 x 951900
0%
25 x 761900
0%
38 x 501900
0%
28 x 681904
0%
34 x 561904
0%
36 x 531908
0%
23 x 831909
0%
21 x 911911
0%
33 x 581914
0%
22 x 871914
0%
29 x 661914
0%
27 x 711917
0%
12 x 16192
0%
40 x 481920
0%
20 x 961920
0%
30 x 641920
0%
32 x 601920
0%
24 x 801920
0%
31 x 621922
0%
26 x 741924
0%
37 x 521924
0%
25 x 771925
0%
41 x 471927
0%
28 x 691932
0%
21 x 921932
0%
42 x 461932
0%
23 x 841932
0%
43 x 451935
0%
22 x 881936
0%
38 x 511938
0%
34 x 571938
0%
20 x 971940
0%
29 x 671943
0%
27 x 721944
0%
36 x 541944
0%
24 x 811944
0%
33 x 591947
0%
13 x 15195
0%
30 x 651950
0%
26 x 751950
0%
39 x 501950
0%
32 x 611952
0%
21 x 931953
0%
31 x 631953
0%
23 x 851955
0%
22 x 891958
0%
14 x 14196
0%
40 x 491960
0%
35 x 561960
0%
20 x 981960
0%
37 x 531961
0%
41 x 481968
0%
27 x 731971
0%
29 x 681972
0%
34 x 581972
0%
21 x 941974
0%
42 x 471974
0%
25 x 791975
0%
38 x 521976
0%
26 x 761976
0%
23 x 861978
0%
43 x 461978
0%
22 x 901980
0%
44 x 451980
0%
30 x 661980
0%
36 x 551980
0%
33 x 601980
0%
20 x 991980
0%
31 x 641984
0%
32 x 621984
0%
28 x 711988
0%
39 x 511989
0%
24 x 831992
0%
21 x 951995
0%
35 x 571995
0%
37 x 541998
0%
27 x 741998
0%
25 x 802000
0%
23 x 872001
0%
29 x 692001
0%
26 x 772002
0%
22 x 912002
0%
34 x 592006
0%
41 x 492009
0%
31 x 652015
0%
28 x 722016
0%
36 x 562016
0%
32 x 632016
0%
42 x 482016
0%
24 x 842016
0%
21 x 962016
0%
43 x 472021
0%
23 x 882024
0%
44 x 462024
0%
22 x 922024
0%
25 x 812025
0%
27 x 752025
0%
45 x 452025
0%
39 x 522028
0%
26 x 782028
0%
35 x 582030
0%
37 x 552035
0%
21 x 972037
0%
12 x 17204
0%
34 x 602040
0%
24 x 852040
0%
30 x 682040
0%
40 x 512040
0%
28 x 732044
0%
33 x 622046
0%
22 x 932046
0%
31 x 662046
0%
23 x 892047
0%
32 x 642048
0%
25 x 822050
0%
41 x 502050
0%
27 x 762052
0%
36 x 572052
0%
38 x 542052
0%
26 x 792054
0%
42 x 492058
0%
21 x 982058
0%
29 x 712059
0%
43 x 482064
0%
24 x 862064
0%
35 x 592065
0%
39 x 532067
0%
44 x 472068
0%
22 x 942068
0%
23 x 902070
0%
30 x 692070
0%
45 x 462070
0%
28 x 742072
0%
37 x 562072
0%
34 x 612074
0%
25 x 832075
0%
31 x 672077
0%
21 x 992079
0%
33 x 632079
0%
27 x 772079
0%
13 x 16208
0%
26 x 802080
0%
24 x 872088
0%
29 x 722088
0%
36 x 582088
0%
11 x 19209
0%
22 x 952090
0%
38 x 552090
0%
41 x 512091
0%
23 x 912093
0%
30 x 702100
0%
42 x 502100
0%
28 x 752100
0%
35 x 602100
0%
25 x 842100
0%
26 x 812106
0%
27 x 782106
0%
39 x 542106
0%
43 x 492107
0%
31 x 682108
0%
34 x 622108
0%
37 x 572109
0%
32 x 662112
0%
22 x 962112
0%
24 x 882112
0%
33 x 642112
0%
44 x 482112
0%
45 x 472115
0%
46 x 462116
0%
23 x 922116
0%
29 x 732117
0%
40 x 532120
0%
36 x 592124
0%
25 x 852125
0%
38 x 562128
0%
28 x 762128
0%
26 x 822132
0%
41 x 522132
0%
27 x 792133
0%
22 x 972134
0%
35 x 612135
0%
24 x 892136
0%
31 x 692139
0%
23 x 932139
0%
34 x 632142
0%
42 x 512142
0%
32 x 672144
0%
39 x 552145
0%
33 x 652145
0%
37 x 582146
0%
29 x 742146
0%
25 x 862150
0%
43 x 502150
0%
44 x 492156
0%
28 x 772156
0%
22 x 982156
0%
26 x 832158
0%
12 x 18216
0%
30 x 722160
0%
36 x 602160
0%
40 x 542160
0%
45 x 482160
0%
24 x 902160
0%
46 x 472162
0%
23 x 942162
0%
38 x 572166
0%
31 x 702170
0%
35 x 622170
0%
41 x 532173
0%
25 x 872175
0%
29 x 752175
0%
32 x 682176
0%
34 x 642176
0%
33 x 662178
0%
37 x 592183
0%
42 x 522184
0%
24 x 912184
0%
39 x 562184
0%
26 x 842184
0%
28 x 782184
0%
23 x 952185
0%
27 x 812187
0%
30 x 732190
0%
43 x 512193
0%
44 x 502200
0%
40 x 552200
0%
25 x 882200
0%
31 x 712201
0%
38 x 582204
0%
29 x 762204
0%
35 x 632205
0%
45 x 492205
0%
32 x 692208
0%
24 x 922208
0%
23 x 962208
0%
46 x 482208
0%
47 x 472209
0%
34 x 652210
0%
26 x 852210
0%
33 x 672211
0%
28 x 792212
0%
41 x 542214
0%
27 x 822214
0%
37 x 602220
0%
39 x 572223
0%
25 x 892225
0%
42 x 532226
0%
23 x 972231
0%
31 x 722232
0%
36 x 622232
0%
29 x 772233
0%
26 x 862236
0%
43 x 522236
0%
14 x 16224
0%
40 x 562240
0%
32 x 702240
0%
35 x 642240
0%
28 x 802240
0%
27 x 832241
0%
38 x 592242
0%
44 x 512244
0%
33 x 682244
0%
34 x 662244
0%
15 x 15225
0%
30 x 752250
0%
45 x 502250
0%
46 x 492254
0%
23 x 982254
0%
47 x 482256
0%
24 x 942256
0%
37 x 612257
0%
26 x 872262
0%
39 x 582262
0%
29 x 782262
0%
31 x 732263
0%
36 x 632268
0%
27 x 842268
0%
42 x 542268
0%
28 x 812268
0%
32 x 712272
0%
35 x 652275
0%
25 x 912275
0%
33 x 692277
0%
34 x 672278
0%
43 x 532279
0%
12 x 19228
0%
24 x 952280
0%
38 x 602280
0%
30 x 762280
0%
26 x 882288
0%
44 x 522288
0%
29 x 792291
0%
31 x 742294
0%
37 x 622294
0%
27 x 852295
0%
45 x 512295
0%
41 x 562296
0%
28 x 822296
0%
25 x 922300
0%
46 x 502300
0%
39 x 592301
0%
47 x 492303
0%
48 x 482304
0%
36 x 642304
0%
24 x 962304
0%
32 x 722304
0%
11 x 21231
0%
33 x 702310
0%
42 x 552310
0%
30 x 772310
0%
35 x 662310
0%
34 x 682312
0%
38 x 612318
0%
40 x 582320
0%
29 x 802320
0%
43 x 542322
0%
27 x 862322
0%
28 x 832324
0%
25 x 932325
0%
31 x 752325
0%
37 x 632331
0%
44 x 532332
0%
32 x 732336
0%
41 x 572337
0%
13 x 18234
0%
39 x 602340
0%
30 x 782340
0%
36 x 652340
0%
26 x 902340
0%
45 x 522340
0%
33 x 712343
0%
35 x 672345
0%
46 x 512346
0%
34 x 692346
0%
27 x 872349
0%
29 x 812349
0%
47 x 502350
0%
42 x 562352
0%
24 x 982352
0%
28 x 842352
0%
48 x 492352
0%
31 x 762356
0%
38 x 622356
0%
43 x 552365
0%
26 x 912366
0%
32 x 742368
0%
30 x 792370
0%
25 x 952375
0%
36 x 662376
0%
44 x 542376
0%
27 x 882376
0%
24 x 992376
0%
33 x 722376
0%
41 x 582378
0%
29 x 822378
0%
39 x 612379
0%
14 x 17238
0%
28 x 852380
0%
34 x 702380
0%
35 x 682380
0%
45 x 532385
0%
31 x 772387
0%
26 x 922392
0%
46 x 522392
0%
42 x 572394
0%
38 x 632394
0%
47 x 512397
0%
15 x 16240
0%
32 x 752400
0%
30 x 802400
0%
40 x 602400
0%
48 x 502400
0%
25 x 962400
0%
49 x 492401
0%
27 x 892403
0%
37 x 652405
0%
29 x 832407
0%
43 x 562408
0%
28 x 862408
0%
33 x 732409
0%
34 x 712414
0%
35 x 692415
0%
31 x 782418
0%
39 x 622418
0%
26 x 932418
0%
41 x 592419
0%
11 x 22242
0%
44 x 552420
0%
25 x 972425
0%
27 x 902430
0%
45 x 542430
0%
30 x 812430
0%
38 x 642432
0%
32 x 762432
0%
29 x 842436
0%
42 x 582436
0%
28 x 872436
0%
46 x 532438
0%
40 x 612440
0%
37 x 662442
0%
33 x 742442
0%
47 x 522444
0%
26 x 942444
0%
36 x 682448
0%
48 x 512448
0%
34 x 722448
0%
31 x 792449
0%
35 x 702450
0%
49 x 502450
0%
25 x 982450
0%
43 x 572451
0%
39 x 632457
0%
27 x 912457
0%
30 x 822460
0%
44 x 562464
0%
28 x 882464
0%
32 x 772464
0%
29 x 852465
0%
13 x 19247
0%
26 x 952470
0%
38 x 652470
0%
25 x 992475
0%
45 x 552475
0%
33 x 752475
0%
42 x 592478
0%
37 x 672479
0%
31 x 802480
0%
40 x 622480
0%
34 x 732482
0%
27 x 922484
0%
36 x 692484
0%
46 x 542484
0%
35 x 712485
0%
30 x 832490
0%
47 x 532491
0%
28 x 892492
0%
43 x 582494
0%
29 x 862494
0%
39 x 642496
0%
26 x 962496
0%
32 x 782496
0%
48 x 522496
0%
49 x 512499
0%
41 x 612501
0%
38 x 662508
0%
33 x 762508
0%
44 x 572508
0%
31 x 812511
0%
27 x 932511
0%
34 x 742516
0%
37 x 682516
0%
12 x 21252
0%
14 x 18252
0%
28 x 902520
0%
45 x 562520
0%
40 x 632520
0%
36 x 702520
0%
35 x 722520
0%
42 x 602520
0%
30 x 842520
0%
29 x 872523
0%
32 x 792528
0%
46 x 552530
0%
39 x 652535
0%
43 x 592537
0%
47 x 542538
0%
27 x 942538
0%
33 x 772541
0%
31 x 822542
0%
41 x 622542
0%
48 x 532544
0%
38 x 672546
0%
26 x 982548
0%
49 x 522548
0%
28 x 912548
0%
15 x 17255
0%
34 x 752550
0%
50 x 512550
0%
30 x 852550
0%
29 x 882552
0%
44 x 582552
0%
37 x 692553
0%
35 x 732555
0%
36 x 712556
0%
32 x 802560
0%
40 x 642560
0%
42 x 612562
0%
27 x 952565
0%
45 x 572565
0%
31 x 832573
0%
39 x 662574
0%
26 x 992574
0%
33 x 782574
0%
28 x 922576
0%
46 x 562576
0%
43 x 602580
0%
30 x 862580
0%
29 x 892581
0%
41 x 632583
0%
38 x 682584
0%
34 x 762584
0%
47 x 552585
0%
37 x 702590
0%
35 x 742590
0%
32 x 812592
0%
36 x 722592
0%
27 x 962592
0%
48 x 542592
0%
44 x 592596
0%
50 x 522600
0%
40 x 652600
0%
51 x 512601
0%
42 x 622604
0%
31 x 842604
0%
28 x 932604
0%
33 x 792607
0%
29 x 902610
0%
45 x 582610
0%
30 x 872610
0%
39 x 672613
0%
34 x 772618
0%
27 x 972619
0%
46 x 572622
0%
38 x 692622
0%
43 x 612623
0%
32 x 822624
0%
41 x 642624
0%
35 x 752625
0%
37 x 712627
0%
36 x 732628
0%
47 x 562632
0%
28 x 942632
0%
31 x 852635
0%
29 x 912639
0%
30 x 882640
0%
44 x 602640
0%
40 x 662640
0%
48 x 552640
0%
42 x 632646
0%
49 x 542646
0%
27 x 982646
0%
34 x 782652
0%
39 x 682652
0%
45 x 592655
0%
32 x 832656
0%
14 x 19266
0%
38 x 702660
0%
35 x 762660
0%
28 x 952660
0%
37 x 722664
0%
36 x 742664
0%
41 x 652665
0%
31 x 862666
0%
43 x 622666
0%
46 x 582668
0%
29 x 922668
0%
30 x 892670
0%
33 x 812673
0%
27 x 992673
0%
47 x 572679
0%
40 x 672680
0%
44 x 612684
0%
34 x 792686
0%
48 x 562688
0%
42 x 642688
0%
32 x 842688
0%
28 x 962688
0%
39 x 692691
0%
35 x 772695
0%
49 x 552695
0%
31 x 872697
0%
29 x 932697
0%
38 x 712698
0%
15 x 18270
0%
30 x 902700
0%
50 x 542700
0%
36 x 752700
0%
37 x 732701
0%
51 x 532703
0%
52 x 522704
0%
33 x 822706
0%
41 x 662706
0%
43 x 632709
0%
46 x 592714
0%
28 x 972716
0%
16 x 17272
0%
32 x 852720
0%
40 x 682720
0%
34 x 802720
0%
47 x 582726
0%
29 x 942726
0%
44 x 622728
0%
31 x 882728
0%
13 x 21273
0%
39 x 702730
0%
35 x 782730
0%
30 x 912730
0%
42 x 652730
0%
48 x 572736
0%
36 x 762736
0%
38 x 722736
0%
37 x 742738
0%
33 x 832739
0%
28 x 982744
0%
49 x 562744
0%
45 x 612745
0%
41 x 672747
0%
11 x 25275
0%
32 x 862752
0%
43 x 642752
0%
34 x 812754
0%
51 x 542754
0%
29 x 952755
0%
52 x 532756
0%
31 x 892759
0%
12 x 23276
0%
40 x 692760
0%
30 x 922760
0%
46 x 602760
0%
35 x 792765
0%
39 x 712769
0%
42 x 662772
0%
44 x 632772
0%
28 x 992772
0%
33 x 842772
0%
47 x 592773
0%
38 x 732774
0%
37 x 752775
0%
48 x 582784
0%
29 x 962784
0%
32 x 872784
0%
41 x 682788
0%
34 x 822788
0%
31 x 902790
0%
30 x 932790
0%
45 x 622790
0%
49 x 572793
0%
35 x 802800
0%
40 x 702800
0%
50 x 562800
0%
33 x 852805
0%
51 x 552805
0%
46 x 612806
0%
52 x 542808
0%
36 x 782808
0%
39 x 722808
0%
53 x 532809
0%
37 x 762812
0%
38 x 742812
0%
29 x 972813
0%
42 x 672814
0%
32 x 882816
0%
44 x 642816
0%
30 x 942820
0%
47 x 602820
0%
31 x 912821
0%
34 x 832822
0%
41 x 692829
0%
48 x 592832
0%
35 x 812835
0%
45 x 632835
0%
33 x 862838
0%
43 x 662838
0%
40 x 712840
0%
29 x 982842
0%
49 x 582842
0%
36 x 792844
0%
39 x 732847
0%
32 x 892848
0%
37 x 772849
0%
15 x 19285
0%
50 x 572850
0%
30 x 952850
0%
38 x 752850
0%
46 x 622852
0%
31 x 922852
0%
34 x 842856
0%
51 x 562856
0%
42 x 682856
0%
13 x 22286
0%
52 x 552860
0%
44 x 652860
0%
53 x 542862
0%
47 x 612867
0%
35 x 822870
0%
29 x 992871
0%
33 x 872871
0%
12 x 24288
0%
16 x 18288
0%
40 x 722880
0%
48 x 602880
0%
45 x 642880
0%
32 x 902880
0%
36 x 802880
0%
43 x 672881
0%
31 x 932883
0%
37 x 782886
0%
39 x 742886
0%
38 x 762888
0%
17 x 17289
0%
34 x 852890
0%
49 x 592891
0%
42 x 692898
0%
46 x 632898
0%
50 x 582900
0%
44 x 662904
0%
33 x 882904
0%
35 x 832905
0%
51 x 572907
0%
30 x 972910
0%
41 x 712911
0%
52 x 562912
0%
32 x 912912
0%
47 x 622914
0%
31 x 942914
0%
53 x 552915
0%
54 x 542916
0%
36 x 812916
0%
37 x 792923
0%
34 x 862924
0%
43 x 682924
0%
39 x 752925
0%
45 x 652925
0%
38 x 772926
0%
48 x 612928
0%
33 x 892937
0%
30 x 982940
0%
35 x 842940
0%
42 x 702940
0%
49 x 602940
0%
32 x 922944
0%
46 x 642944
0%
31 x 952945
0%
44 x 672948
0%
50 x 592950
0%
36 x 822952
0%
41 x 722952
0%
51 x 582958
0%
34 x 872958
0%
40 x 742960
0%
37 x 802960
0%
47 x 632961
0%
38 x 782964
0%
52 x 572964
0%
39 x 762964
0%
43 x 692967
0%
53 x 562968
0%
45 x 662970
0%
30 x 992970
0%
33 x 902970
0%
54 x 552970
0%
35 x 852975
0%
48 x 622976
0%
32 x 932976
0%
42 x 712982
0%
36 x 832988
0%
49 x 612989
0%
13 x 23299
0%
46 x 652990
0%
44 x 682992
0%
34 x 882992
0%
41 x 732993
0%
37 x 812997
0%
15 x 20300
0%
12 x 25300
0%
50 x 603000
0%
40 x 753000
0%
38 x 793002
0%
39 x 773003
0%
33 x 913003
0%
31 x 973007
0%
47 x 643008
0%
32 x 943008
0%
51 x 593009
0%
43 x 703010
0%
35 x 863010
0%
45 x 673015
0%
52 x 583016
0%
53 x 573021
0%
36 x 843024
0%
42 x 723024
0%
54 x 563024
0%
48 x 633024
0%
55 x 553025
0%
34 x 893026
0%
41 x 743034
0%
33 x 923036
0%
46 x 663036
0%
44 x 693036
0%
49 x 623038
0%
31 x 983038
0%
16 x 19304
0%
32 x 953040
0%
40 x 763040
0%
38 x 803040
0%
39 x 783042
0%
35 x 873045
0%
50 x 613050
0%
43 x 713053
0%
47 x 653055
0%
34 x 903060
0%
36 x 853060
0%
51 x 603060
0%
45 x 683060
0%
42 x 733066
0%
52 x 593068
0%
33 x 933069
0%
31 x 993069
0%
37 x 833071
0%
32 x 963072
0%
48 x 643072
0%
53 x 583074
0%
41 x 753075
0%
54 x 573078
0%
38 x 813078
0%
11 x 28308
0%
35 x 883080
0%
55 x 563080
0%
44 x 703080
0%
40 x 773080
0%
39 x 793081
0%
46 x 673082
0%
49 x 633087
0%
34 x 913094
0%
43 x 723096
0%
36 x 863096
0%
50 x 623100
0%
33 x 943102
0%
47 x 663102
0%
32 x 973104
0%
45 x 693105
0%
37 x 843108
0%
42 x 743108
0%
51 x 613111
0%
35 x 893115
0%
41 x 763116
0%
38 x 823116
0%
12 x 26312
0%
13 x 24312
0%
39 x 803120
0%
48 x 653120
0%
40 x 783120
0%
52 x 603120
0%
44 x 713124
0%
53 x 593127
0%
46 x 683128
0%
34 x 923128
0%
36 x 873132
0%
54 x 583132
0%
33 x 953135
0%
55 x 573135
0%
56 x 563136
0%
32 x 983136
0%
49 x 643136
0%
43 x 733139
0%
37 x 853145
0%
47 x 673149
0%
42 x 753150
0%
35 x 903150
0%
45 x 703150
0%
38 x 833154
0%
41 x 773157
0%
39 x 813159
0%
40 x 793160
0%
51 x 623162
0%
34 x 933162
0%
33 x 963168
0%
48 x 663168
0%
32 x 993168
0%
36 x 883168
0%
44 x 723168
0%
52 x 613172
0%
46 x 693174
0%
53 x 603180
0%
37 x 863182
0%
43 x 743182
0%
35 x 913185
0%
49 x 653185
0%
54 x 593186
0%
55 x 583190
0%
42 x 763192
0%
56 x 573192
0%
38 x 843192
0%
45 x 713195
0%
47 x 683196
0%
34 x 943196
0%
41 x 783198
0%
50 x 643200
0%
40 x 803200
0%
36 x 893204
0%
51 x 633213
0%
48 x 673216
0%
37 x 873219
0%
14 x 23322
0%
46 x 703220
0%
35 x 923220
0%
52 x 623224
0%
43 x 753225
0%
17 x 19323
0%
34 x 953230
0%
38 x 853230
0%
53 x 613233
0%
49 x 663234
0%
42 x 773234
0%
33 x 983234
0%
39 x 833237
0%
41 x 793239
0%
18 x 18324
0%
12 x 27324
0%
45 x 723240
0%
54 x 603240
0%
36 x 903240
0%
40 x 813240
0%
47 x 693243
0%
55 x 593245
0%
56 x 583248
0%
13 x 25325
0%
50 x 653250
0%
35 x 933255
0%
44 x 743256
0%
37 x 883256
0%
48 x 683264
0%
34 x 963264
0%
51 x 643264
0%
46 x 713266
0%
33 x 993267
0%
43 x 763268
0%
38 x 863268
0%
39 x 843276
0%
36 x 913276
0%
52 x 633276
0%
40 x 823280
0%
49 x 673283
0%
45 x 733285
0%
53 x 623286
0%
35 x 943290
0%
47 x 703290
0%
37 x 893293
0%
54 x 613294
0%
34 x 973298
0%
11 x 30330
0%
15 x 22330
0%
55 x 603300
0%
56 x 593304
0%
38 x 873306
0%
57 x 583306
0%
43 x 773311
0%
48 x 693312
0%
46 x 723312
0%
36 x 923312
0%
39 x 853315
0%
51 x 653315
0%
42 x 793318
0%
40 x 833320
0%
41 x 813321
0%
35 x 953325
0%
52 x 643328
0%
37 x 903330
0%
45 x 743330
0%
49 x 683332
0%
34 x 983332
0%
47 x 713337
0%
53 x 633339
0%
38 x 883344
0%
44 x 763344
0%
36 x 933348
0%
54 x 623348
0%
50 x 673350
0%
39 x 863354
0%
43 x 783354
0%
55 x 613355
0%
46 x 733358
0%
14 x 24336
0%
12 x 28336
0%
16 x 21336
0%
48 x 703360
0%
35 x 963360
0%
40 x 843360
0%
42 x 803360
0%
56 x 603360
0%
41 x 823362
0%
57 x 593363
0%
58 x 583364
0%
51 x 663366
0%
37 x 913367
0%
45 x 753375
0%
13 x 26338
0%
52 x 653380
0%
49 x 693381
0%
38 x 893382
0%
47 x 723384
0%
36 x 943384
0%
44 x 773388
0%
53 x 643392
0%
39 x 873393
0%
35 x 973395
0%
43 x 793397
0%
40 x 853400
0%
54 x 633402
0%
42 x 813402
0%
41 x 833403
0%
46 x 743404
0%
48 x 713408
0%
55 x 623410
0%
56 x 613416
0%
51 x 673417
0%
18 x 19342
0%
45 x 763420
0%
36 x 953420
0%
38 x 903420
0%
58 x 593422
0%
35 x 983430
0%
49 x 703430
0%
47 x 733431
0%
39 x 883432
0%
52 x 663432
0%
44 x 783432
0%
43 x 803440
0%
40 x 863440
0%
37 x 933441
0%
42 x 823444
0%
41 x 843444
0%
53 x 653445
0%
15 x 23345
0%
46 x 753450
0%
54 x 643456
0%
48 x 723456
0%
36 x 963456
0%
38 x 913458
0%
35 x 993465
0%
45 x 773465
0%
55 x 633465
0%
51 x 683468
0%
39 x 893471
0%
56 x 623472
0%
44 x 793476
0%
57 x 613477
0%
37 x 943478
0%
47 x 743478
0%
49 x 713479
0%
12 x 29348
0%
40 x 873480
0%
58 x 603480
0%
59 x 593481
0%
43 x 813483
0%
52 x 673484
0%
42 x 833486
0%
36 x 973492
0%
46 x 763496
0%
38 x 923496
0%
53 x 663498
0%
14 x 25350
0%
50 x 703500
0%
48 x 733504
0%
13 x 27351
0%
54 x 653510
0%
39 x 903510
0%
45 x 783510
0%
37 x 953515
0%
51 x 693519
0%
16 x 22352
0%
11 x 32352
0%
44 x 803520
0%
40 x 883520
0%
55 x 643520
0%
47 x 753525
0%
41 x 863526
0%
43 x 823526
0%
49 x 723528
0%
36 x 983528
0%
42 x 843528
0%
38 x 933534
0%
57 x 623534
0%
52 x 683536
0%
58 x 613538
0%
59 x 603540
0%
46 x 773542
0%
39 x 913549
0%
50 x 713550
0%
53 x 673551
0%
37 x 963552
0%
48 x 743552
0%
45 x 793555
0%
40 x 893560
0%
54 x 663564
0%
44 x 813564
0%
36 x 993564
0%
41 x 873567
0%
43 x 833569
0%
17 x 21357
0%
42 x 853570
0%
51 x 703570
0%
38 x 943572
0%
47 x 763572
0%
55 x 653575
0%
49 x 733577
0%
56 x 643584
0%
39 x 923588
0%
46 x 783588
0%
52 x 693588
0%
37 x 973589
0%
57 x 633591
0%
58 x 623596
0%
59 x 613599
0%
12 x 30360
0%
60 x 603600
0%
48 x 753600
0%
50 x 723600
0%
45 x 803600
0%
40 x 903600
0%
53 x 683604
0%
41 x 883608
0%
44 x 823608
0%
38 x 953610
0%
43 x 843612
0%
42 x 863612
0%
54 x 673618
0%
47 x 773619
0%
51 x 713621
0%
37 x 983626
0%
49 x 743626
0%
39 x 933627
0%
11 x 33363
0%
55 x 663630
0%
46 x 793634
0%
13 x 28364
0%
52 x 703640
0%
40 x 913640
0%
56 x 653640
0%
45 x 813645
0%
57 x 643648
0%
38 x 963648
0%
48 x 763648
0%
41 x 893649
0%
50 x 733650
0%
44 x 833652
0%
42 x 873654
0%
58 x 633654
0%
43 x 853655
0%
53 x 693657
0%
59 x 623658
0%
37 x 993663
0%
47 x 783666
0%
39 x 943666
0%
51 x 723672
0%
54 x 683672
0%
49 x 753675
0%
16 x 23368
0%
46 x 803680
0%
55 x 673685
0%
38 x 973686
0%
45 x 823690
0%
41 x 903690
0%
52 x 713692
0%
42 x 883696
0%
48 x 773696
0%
56 x 663696
0%
44 x 843696
0%
43 x 863698
0%
39 x 953705
0%
57 x 653705
0%
58 x 643712
0%
47 x 793713
0%
59 x 633717
0%
12 x 31372
0%
60 x 623720
0%
40 x 933720
0%
61 x 613721
0%
51 x 733723
0%
38 x 983724
0%
49 x 763724
0%
54 x 693726
0%
46 x 813726
0%
41 x 913731
0%
45 x 833735
0%
42 x 893738
0%
17 x 22374
0%
11 x 34374
0%
55 x 683740
0%
44 x 853740
0%
43 x 873741
0%
39 x 963744
0%
48 x 783744
0%
52 x 723744
0%
15 x 25375
0%
50 x 753750
0%
56 x 673752
0%
47 x 803760
0%
40 x 943760
0%
57 x 663762
0%
38 x 993762
0%
53 x 713763
0%
13 x 29377
0%
58 x 653770
0%
46 x 823772
0%
41 x 923772
0%
49 x 773773
0%
51 x 743774
0%
59 x 643776
0%
14 x 27378
0%
18 x 21378
0%
45 x 843780
0%
42 x 903780
0%
60 x 633780
0%
54 x 703780
0%
61 x 623782
0%
39 x 973783
0%
43 x 883784
0%
44 x 863784
0%
48 x 793792
0%
55 x 693795
0%
52 x 733796
0%
50 x 763800
0%
47 x 813807
0%
56 x 683808
0%
41 x 933813
0%
53 x 723816
0%
46 x 833818
0%
57 x 673819
0%
49 x 783822
0%
42 x 913822
0%
39 x 983822
0%
45 x 853825
0%
51 x 753825
0%
43 x 893827
0%
44 x 873828
0%
58 x 663828
0%
59 x 653835
0%
12 x 32384
0%
40 x 963840
0%
48 x 803840
0%
60 x 643840
0%
61 x 633843
0%
62 x 623844
0%
52 x 743848
0%
11 x 35385
0%
55 x 703850
0%
50 x 773850
0%
41 x 943854
0%
47 x 823854
0%
39 x 993861
0%
42 x 923864
0%
46 x 843864
0%
53 x 733869
0%
45 x 863870
0%
49 x 793871
0%
44 x 883872
0%
57 x 683876
0%
51 x 763876
0%
58 x 673886
0%
48 x 813888
0%
54 x 723888
0%
59 x 663894
0%
41 x 953895
0%
13 x 30390
0%
15 x 26390
0%
52 x 753900
0%
60 x 653900
0%
50 x 783900
0%
47 x 833901
0%
61 x 643904
0%
55 x 713905
0%
42 x 933906
0%
17 x 23391
0%
46 x 853910
0%
43 x 913913
0%
45 x 873915
0%
44 x 893916
0%
14 x 28392
0%
40 x 983920
0%
56 x 703920
0%
49 x 803920
0%
53 x 743922
0%
51 x 773927
0%
57 x 693933
0%
41 x 963936
0%
48 x 823936
0%
54 x 733942
0%
58 x 683944
0%
47 x 843948
0%
50 x 793950
0%
59 x 673953
0%
43 x 923956
0%
46 x 863956
0%
18 x 22396
0%
12 x 33396
0%
60 x 663960
0%
40 x 993960
0%
44 x 903960
0%
45 x 883960
0%
61 x 653965
0%
62 x 643968
0%
49 x 813969
0%
63 x 633969
0%
53 x 753975
0%
56 x 713976
0%
41 x 973977
0%
51 x 783978
0%
48 x 833984
0%
19 x 21399
0%
42 x 953990
0%
57 x 703990
0%
47 x 853995
0%
54 x 743996
0%
43 x 933999
0%
20 x 20400
0%
46 x 874002
0%
58 x 694002
0%
44 x 914004
0%
52 x 774004
0%
45 x 894005
0%
59 x 684012
0%
55 x 734015
0%
49 x 824018
0%
41 x 984018
0%
60 x 674020
0%
61 x 664026
0%
53 x 764028
0%
13 x 31403
0%
62 x 654030
0%
56 x 724032
0%
42 x 964032
0%
63 x 644032
0%
48 x 844032
0%
43 x 944042
0%
47 x 864042
0%
57 x 714047
0%
46 x 884048
0%
44 x 924048
0%
15 x 27405
0%
50 x 814050
0%
45 x 904050
0%
54 x 754050
0%
52 x 784056
0%
41 x 994059
0%
14 x 29406
0%
58 x 704060
0%
49 x 834067
0%
11 x 37407
0%
55 x 744070
0%
59 x 694071
0%
42 x 974074
0%
12 x 34408
0%
17 x 24408
0%
51 x 804080
0%
60 x 684080
0%
48 x 854080
0%
53 x 774081
0%
61 x 674087
0%
56 x 734088
0%
47 x 874089
0%
44 x 934092
0%
62 x 664092
0%
46 x 894094
0%
63 x 654095
0%
45 x 914095
0%
64 x 644096
0%
50 x 824100
0%
57 x 724104
0%
54 x 764104
0%
52 x 794108
0%
42 x 984116
0%
58 x 714118
0%
55 x 754125
0%
43 x 964128
0%
48 x 864128
0%
59 x 704130
0%
51 x 814131
0%
53 x 784134
0%
44 x 944136
0%
47 x 884136
0%
46 x 904140
0%
45 x 924140
0%
60 x 694140
0%
56 x 744144
0%
61 x 684148
0%
50 x 834150
0%
62 x 674154
0%
63 x 664158
0%
54 x 774158
0%
42 x 994158
0%
13 x 32416
0%
16 x 26416
0%
64 x 654160
0%
52 x 804160
0%
57 x 734161
0%
49 x 854165
0%
43 x 974171
0%
48 x 874176
0%
58 x 724176
0%
19 x 22418
0%
44 x 954180
0%
55 x 764180
0%
51 x 824182
0%
47 x 894183
0%
45 x 934185
0%
46 x 914186
0%
53 x 794187
0%
59 x 714189
0%
12 x 35420
0%
15 x 28420
0%
14 x 30420
0%
20 x 21420
0%
60 x 704200
0%
56 x 754200
0%
61 x 694209
0%
54 x 784212
0%
52 x 814212
0%
43 x 984214
0%
49 x 864214
0%
62 x 684216
0%
57 x 744218
0%
63 x 674221
0%
44 x 964224
0%
48 x 884224
0%
64 x 664224
0%
65 x 654225
0%
45 x 944230
0%
47 x 904230
0%
46 x 924232
0%
51 x 834233
0%
58 x 734234
0%
55 x 774235
0%
59 x 724248
0%
50 x 854250
0%
56 x 764256
0%
60 x 714260
0%
49 x 874263
0%
52 x 824264
0%
54 x 794266
0%
44 x 974268
0%
61 x 704270
0%
48 x 894272
0%
57 x 754275
0%
45 x 954275
0%
47 x 914277
0%
62 x 694278
0%
46 x 934278
0%
63 x 684284
0%
51 x 844284
0%
64 x 674288
0%
13 x 33429
0%
11 x 39429
0%
55 x 784290
0%
65 x 664290
0%
58 x 744292
0%
53 x 814293
0%
50 x 864300
0%
59 x 734307
0%
56 x 774312
0%
49 x 884312
0%
44 x 984312
0%
52 x 834316
0%
12 x 36432
0%
18 x 24432
0%
16 x 27432
0%
54 x 804320
0%
48 x 904320
0%
45 x 964320
0%
60 x 724320
0%
46 x 944324
0%
47 x 924324
0%
61 x 714331
0%
57 x 764332
0%
51 x 854335
0%
62 x 704340
0%
55 x 794345
0%
53 x 824346
0%
63 x 694347
0%
15 x 29435
0%
50 x 874350
0%
58 x 754350
0%
64 x 684352
0%
65 x 674355
0%
66 x 664356
0%
44 x 994356
0%
49 x 894361
0%
45 x 974365
0%
59 x 744366
0%
52 x 844368
0%
56 x 784368
0%
48 x 914368
0%
19 x 23437
0%
46 x 954370
0%
47 x 934371
0%
54 x 814374
0%
60 x 734380
0%
51 x 864386
0%
57 x 774389
0%
61 x 724392
0%
53 x 834399
0%
11 x 40440
0%
20 x 22440
0%
50 x 884400
0%
55 x 804400
0%
62 x 714402
0%
58 x 764408
0%
21 x 21441
0%
49 x 904410
0%
45 x 984410
0%
63 x 704410
0%
46 x 964416
0%
48 x 924416
0%
47 x 944418
0%
17 x 26442
0%
13 x 34442
0%
65 x 684420
0%
52 x 854420
0%
66 x 674422
0%
56 x 794424
0%
59 x 754425
0%
54 x 824428
0%
51 x 874437
0%
12 x 37444
0%
60 x 744440
0%
57 x 784446
0%
50 x 894450
0%
53 x 844452
0%
61 x 734453
0%
45 x 994455
0%
55 x 814455
0%
49 x 914459
0%
46 x 974462
0%
62 x 724464
0%
47 x 954465
0%
58 x 774466
0%
52 x 864472
0%
63 x 714473
0%
14 x 32448
0%
16 x 28448
0%
64 x 704480
0%
56 x 804480
0%
59 x 764484
0%
65 x 694485
0%
51 x 884488
0%
66 x 684488
0%
67 x 674489
0%
18 x 25450
0%
60 x 754500
0%
57 x 794503
0%
53 x 854505
0%
49 x 924508
0%
46 x 984508
0%
11 x 41451
0%
55 x 824510
0%
48 x 944512
0%
47 x 964512
0%
61 x 744514
0%
58 x 784524
0%
52 x 874524
0%
62 x 734526
0%
54 x 844536
0%
56 x 814536
0%
63 x 724536
0%
51 x 894539
0%
59 x 774543
0%
64 x 714544
0%
13 x 35455
0%
50 x 914550
0%
65 x 704550
0%
66 x 694554
0%
46 x 994554
0%
67 x 684556
0%
49 x 934557
0%
53 x 864558
0%
47 x 974559
0%
19 x 24456
0%
12 x 38456
0%
60 x 764560
0%
57 x 804560
0%
48 x 954560
0%
55 x 834565
0%
61 x 754575
0%
52 x 884576
0%
58 x 794582
0%
62 x 744588
0%
17 x 27459
0%
54 x 854590
0%
51 x 904590
0%
56 x 824592
0%
63 x 734599
0%
20 x 23460
0%
50 x 924600
0%
59 x 784602
0%
49 x 944606
0%
64 x 724608
0%
48 x 964608
0%
53 x 874611
0%
65 x 714615
0%
57 x 814617
0%
21 x 22462
0%
14 x 33462
0%
66 x 704620
0%
55 x 844620
0%
67 x 694623
0%
68 x 684624
0%
52 x 894628
0%
61 x 764636
0%
16 x 29464
0%
58 x 804640
0%
51 x 914641
0%
54 x 864644
0%
56 x 834648
0%
15 x 31465
0%
62 x 754650
0%
47 x 994653
0%
49 x 954655
0%
48 x 974656
0%
59 x 794661
0%
63 x 744662
0%
53 x 884664
0%
64 x 734672
0%
57 x 824674
0%
55 x 854675
0%
12 x 39468
0%
13 x 36468
0%
18 x 26468
0%
65 x 724680
0%
52 x 904680
0%
60 x 784680
0%
66 x 714686
0%
67 x 704690
0%
51 x 924692
0%
68 x 694692
0%
61 x 774697
0%
54 x 874698
0%
58 x 814698
0%
50 x 944700
0%
48 x 984704
0%
56 x 844704
0%
49 x 964704
0%
62 x 764712
0%
53 x 894717
0%
59 x 804720
0%
63 x 754725
0%
55 x 864730
0%
57 x 834731
0%
52 x 914732
0%
64 x 744736
0%
60 x 794740
0%
51 x 934743
0%
65 x 734745
0%
19 x 25475
0%
50 x 954750
0%
48 x 994752
0%
54 x 884752
0%
66 x 724752
0%
49 x 974753
0%
67 x 714757
0%
61 x 784758
0%
14 x 34476
0%
17 x 28476
0%
68 x 704760
0%
56 x 854760
0%
53 x 904770
0%
62 x 774774
0%
59 x 814779
0%
52 x 924784
0%
55 x 874785
0%
57 x 844788
0%
63 x 764788
0%
51 x 944794
0%
15 x 32480
0%
60 x 804800
0%
64 x 754800
0%
50 x 964800
0%
49 x 984802
0%
54 x 894806
0%
65 x 744810
0%
58 x 834814
0%
56 x 864816
0%
66 x 734818
0%
61 x 794819
0%
53 x 914823
0%
67 x 724824
0%
68 x 714828
0%
21 x 23483
0%
69 x 704830
0%
52 x 934836
0%
22 x 22484
0%
55 x 884840
0%
57 x 854845
0%
51 x 954845
0%
49 x 994851
0%
63 x 774851
0%
60 x 814860
0%
54 x 904860
0%
64 x 764864
0%
58 x 844872
0%
56 x 874872
0%
65 x 754875
0%
53 x 924876
0%
61 x 804880
0%
66 x 744884
0%
67 x 734891
0%
55 x 894895
0%
51 x 964896
0%
68 x 724896
0%
59 x 834897
0%
62 x 794898
0%
69 x 714899
0%
14 x 35490
0%
70 x 704900
0%
50 x 984900
0%
57 x 864902
0%
54 x 914914
0%
63 x 784914
0%
12 x 41492
0%
60 x 824920
0%
56 x 884928
0%
64 x 774928
0%
53 x 934929
0%
17 x 29493
0%
58 x 854930
0%
19 x 26494
0%
13 x 38494
0%
52 x 954940
0%
65 x 764940
0%
61 x 814941
0%
51 x 974947
0%
15 x 33495
0%
55 x 904950
0%
66 x 754950
0%
50 x 994950
0%
59 x 844956
0%
67 x 744958
0%
57 x 874959
0%
16 x 31496
0%
62 x 804960
0%
68 x 734964
0%
54 x 924968
0%
69 x 724968
0%
63 x 794977
0%
53 x 944982
0%
56 x 894984
0%
58 x 864988
0%
64 x 784992
0%
52 x 964992
0%
51 x 984998
0%
61 x 825002
0%
55 x 915005
0%
65 x 775005
0%
59 x 855015
0%
57 x 885016
0%
66 x 765016
0%
54 x 935022
0%
62 x 815022
0%
67 x 755025
0%
68 x 745032
0%
53 x 955035
0%
69 x 735037
0%
21 x 24504
0%
14 x 36504
0%
18 x 28504
0%
63 x 805040
0%
56 x 905040
0%
60 x 845040
0%
70 x 725040
0%
71 x 715041
0%
52 x 975044
0%
58 x 875046
0%
51 x 995049
0%
64 x 795056
0%
22 x 23506
0%
55 x 925060
0%
61 x 835063
0%
13 x 39507
0%
65 x 785070
0%
57 x 895073
0%
59 x 865074
0%
54 x 945076
0%
66 x 775082
0%
62 x 825084
0%
53 x 965088
0%
67 x 765092
0%
56 x 915096
0%
52 x 985096
0%
15 x 34510
0%
17 x 30510
0%
60 x 855100
0%
68 x 755100
0%
63 x 815103
0%
58 x 885104
0%
69 x 745106
0%
70 x 735110
0%
71 x 725112
0%
55 x 935115
0%
16 x 32512
0%
64 x 805120
0%
61 x 845124
0%
19 x 27513
0%
57 x 905130
0%
59 x 875133
0%
65 x 795135
0%
53 x 975141
0%
62 x 835146
0%
66 x 785148
0%
52 x 995148
0%
56 x 925152
0%
67 x 775159
0%
12 x 43516
0%
60 x 865160
0%
58 x 895162
0%
63 x 825166
0%
68 x 765168
0%
55 x 945170
0%
69 x 755175
0%
70 x 745180
0%
71 x 735183
0%
54 x 965184
0%
64 x 815184
0%
61 x 855185
0%
57 x 915187
0%
59 x 885192
0%
53 x 985194
0%
13 x 40520
0%
20 x 26520
0%
65 x 805200
0%
62 x 845208
0%
56 x 935208
0%
66 x 795214
0%
18 x 29522
0%
58 x 905220
0%
60 x 875220
0%
55 x 955225
0%
67 x 785226
0%
63 x 835229
0%
68 x 775236
0%
54 x 975238
0%
57 x 925244
0%
69 x 765244
0%
61 x 865246
0%
53 x 995247
0%
64 x 825248
0%
21 x 25525
0%
15 x 35525
0%
70 x 755250
0%
59 x 895251
0%
71 x 745254
0%
72 x 735256
0%
56 x 945264
0%
65 x 815265
0%
62 x 855270
0%
58 x 915278
0%
12 x 44528
0%
16 x 33528
0%
22 x 24528
0%
60 x 885280
0%
66 x 805280
0%
23 x 23529
0%
54 x 985292
0%
63 x 845292
0%
67 x 795293
0%
57 x 935301
0%
68 x 785304
0%
61 x 875307
0%
59 x 905310
0%
64 x 835312
0%
69 x 775313
0%
19 x 28532
0%
70 x 765320
0%
56 x 955320
0%
71 x 755325
0%
72 x 745328
0%
73 x 735329
0%
13 x 41533
0%
62 x 865332
0%
55 x 975335
0%
58 x 925336
0%
60 x 895340
0%
66 x 815346
0%
54 x 995346
0%
63 x 855355
0%
57 x 945358
0%
67 x 805360
0%
61 x 885368
0%
59 x 915369
0%
68 x 795372
0%
64 x 845376
0%
56 x 965376
0%
69 x 785382
0%
11 x 49539
0%
70 x 775390
0%
55 x 985390
0%
58 x 935394
0%
62 x 875394
0%
65 x 835395
0%
71 x 765396
0%
12 x 45540
0%
15 x 36540
0%
20 x 27540
0%
18 x 30540
0%
72 x 755400
0%
60 x 905400
0%
73 x 745402
0%
66 x 825412
0%
57 x 955415
0%
63 x 865418
0%
67 x 815427
0%
59 x 925428
0%
61 x 895429
0%
56 x 975432
0%
16 x 34544
0%
17 x 32544
0%
64 x 855440
0%
68 x 805440
0%
55 x 995445
0%
69 x 795451
0%
58 x 945452
0%
21 x 26546
0%
13 x 42546
0%
60 x 915460
0%
70 x 785460
0%
65 x 845460
0%
71 x 775467
0%
57 x 965472
0%
73 x 755475
0%
74 x 745476
0%
66 x 835478
0%
63 x 875481
0%
59 x 935487
0%
56 x 985488
0%
67 x 825494
0%
22 x 25550
0%
64 x 865504
0%
68 x 815508
0%
19 x 29551
0%
58 x 955510
0%
62 x 895518
0%
12 x 46552
0%
23 x 24552
0%
60 x 925520
0%
69 x 805520
0%
65 x 855525
0%
57 x 975529
0%
70 x 795530
0%
71 x 785538
0%
72 x 775544
0%
63 x 885544
0%
66 x 845544
0%
56 x 995544
0%
59 x 945546
0%
73 x 765548
0%
15 x 37555
0%
74 x 755550
0%
61 x 915551
0%
67 x 835561
0%
58 x 965568
0%
64 x 875568
0%
68 x 825576
0%
18 x 31558
0%
60 x 935580
0%
62 x 905580
0%
57 x 985586
0%
69 x 815589
0%
13 x 43559
0%
65 x 865590
0%
16 x 35560
0%
14 x 40560
0%
20 x 28560
0%
70 x 805600
0%
59 x 955605
0%
63 x 895607
0%
71 x 795609
0%
17 x 33561
0%
66 x 855610
0%
61 x 925612
0%
72 x 785616
0%
73 x 775621
0%
74 x 765624
0%
75 x 755625
0%
58 x 975626
0%
67 x 845628
0%
64 x 885632
0%
12 x 47564
0%
60 x 945640
0%
62 x 915642
0%
57 x 995643
0%
68 x 835644
0%
65 x 875655
0%
69 x 825658
0%
59 x 965664
0%
21 x 27567
0%
63 x 905670
0%
70 x 815670
0%
61 x 935673
0%
66 x 865676
0%
71 x 805680
0%
58 x 985684
0%
72 x 795688
0%
73 x 785694
0%
67 x 855695
0%
64 x 895696
0%
74 x 775698
0%
15 x 38570
0%
19 x 30570
0%
75 x 765700
0%
62 x 925704
0%
68 x 845712
0%
22 x 26572
0%
13 x 44572
0%
11 x 52572
0%
65 x 885720
0%
59 x 975723
0%
69 x 835727
0%
63 x 915733
0%
61 x 945734
0%
14 x 41574
0%
70 x 825740
0%
66 x 875742
0%
58 x 995742
0%
23 x 25575
0%
71 x 815751
0%
12 x 48576
0%
18 x 32576
0%
16 x 36576
0%
24 x 24576
0%
60 x 965760
0%
64 x 905760
0%
72 x 805760
0%
67 x 865762
0%
62 x 935766
0%
73 x 795767
0%
74 x 785772
0%
75 x 775775
0%
76 x 765776
0%
17 x 34578
0%
68 x 855780
0%
65 x 895785
0%
61 x 955795
0%
69 x 845796
0%
63 x 925796
0%
20 x 29580
0%
66 x 885808
0%
70 x 835810
0%
71 x 825822
0%
64 x 915824
0%
62 x 945828
0%
67 x 875829
0%
72 x 815832
0%
73 x 805840
0%
59 x 995841
0%
74 x 795846
0%
68 x 865848
0%
13 x 45585
0%
65 x 905850
0%
75 x 785850
0%
76 x 775852
0%
61 x 965856
0%
63 x 935859
0%
69 x 855865
0%
66 x 895874
0%
14 x 42588
0%
21 x 28588
0%
12 x 49588
0%
70 x 845880
0%
64 x 925888
0%
19 x 31589
0%
62 x 955890
0%
71 x 835893
0%
67 x 885896
0%
72 x 825904
0%
73 x 815913
0%
65 x 915915
0%
68 x 875916
0%
61 x 975917
0%
16 x 37592
0%
74 x 805920
0%
63 x 945922
0%
75 x 795925
0%
76 x 785928
0%
77 x 775929
0%
69 x 865934
0%
18 x 33594
0%
22 x 27594
0%
66 x 905940
0%
17 x 35595
0%
70 x 855950
0%
62 x 965952
0%
64 x 935952
0%
67 x 895963
0%
71 x 845964
0%
72 x 835976
0%
61 x 985978
0%
23 x 26598
0%
13 x 46598
0%
65 x 925980
0%
68 x 885984
0%
63 x 955985
0%
73 x 825986
0%
74 x 815994
0%
75 x 806000
0%
69 x 876003
0%
76 x 796004
0%
77 x 786006
0%
66 x 916006
0%
62 x 976014
0%
64 x 946016
0%
14 x 43602
0%
67 x 906030
0%
71 x 856035
0%
61 x 996039
0%
65 x 936045
0%
72 x 846048
0%
63 x 966048
0%
11 x 55605
0%
68 x 896052
0%
73 x 836059
0%
74 x 826068
0%
69 x 886072
0%
66 x 926072
0%
75 x 816075
0%
62 x 986076
0%
19 x 32608
0%
16 x 38608
0%
76 x 806080
0%
64 x 956080
0%
77 x 796083
0%
78 x 786084
0%
21 x 29609
0%
70 x 876090
0%
67 x 916097
0%
71 x 866106
0%
13 x 47611
0%
65 x 946110
0%
63 x 976111
0%
18 x 34612
0%
17 x 36612
0%
68 x 906120
0%
72 x 856120
0%
73 x 846132
0%
62 x 996138
0%
66 x 936138
0%
69 x 896141
0%
74 x 836142
0%
64 x 966144
0%
15 x 41615
0%
75 x 826150
0%
76 x 816156
0%
11 x 56616
0%
14 x 44616
0%
22 x 28616
0%
77 x 806160
0%
70 x 886160
0%
78 x 796162
0%
67 x 926164
0%
63 x 986174
0%
65 x 956175
0%
71 x 876177
0%
68 x 916188
0%
72 x 866192
0%
66 x 946204
0%
73 x 856205
0%
64 x 976208
0%
23 x 27621
0%
74 x 846216
0%
75 x 836225
0%
70 x 896230
0%
67 x 936231
0%
63 x 996237
0%
77 x 816237
0%
16 x 39624
0%
13 x 48624
0%
24 x 26624
0%
12 x 52624
0%
65 x 966240
0%
78 x 806240
0%
79 x 796241
0%
71 x 886248
0%
25 x 25625
0%
68 x 926256
0%
72 x 876264
0%
19 x 33627
0%
11 x 57627
0%
66 x 956270
0%
64 x 986272
0%
73 x 866278
0%
69 x 916279
0%
17 x 37629
0%
74 x 856290
0%
67 x 946298
0%
15 x 42630
0%
14 x 45630
0%
18 x 35630
0%
70 x 906300
0%
75 x 846300
0%
65 x 976305
0%
76 x 836308
0%
77 x 826314
0%
78 x 816318
0%
71 x 896319
0%
79 x 806320
0%
68 x 936324
0%
64 x 996336
0%
72 x 886336
0%
66 x 966336
0%
69 x 926348
0%
73 x 876351
0%
12 x 53636
0%
74 x 866364
0%
67 x 956365
0%
13 x 49637
0%
70 x 916370
0%
65 x 986370
0%
75 x 856375
0%
22 x 29638
0%
11 x 58638
0%
76 x 846384
0%
71 x 906390
0%
77 x 836391
0%
68 x 946392
0%
78 x 826396
0%
79 x 816399
0%
20 x 32640
0%
80 x 806400
0%
66 x 976402
0%
72 x 896408
0%
69 x 936417
0%
73 x 886424
0%
67 x 966432
0%
74 x 876438
0%
23 x 28644
0%
14 x 46644
0%
70 x 926440
0%
15 x 43645
0%
75 x 866450
0%
17 x 38646
0%
19 x 34646
0%
68 x 956460
0%
76 x 856460
0%
71 x 916461
0%
77 x 846468
0%
66 x 986468
0%
78 x 836474
0%
79 x 826478
0%
12 x 54648
0%
18 x 36648
0%
24 x 27648
0%
72 x 906480
0%
69 x 946486
0%
11 x 59649
0%
73 x 896497
0%
67 x 976499
0%
25 x 26650
0%
21 x 31651
0%
70 x 936510
0%
74 x 886512
0%
75 x 876525
0%
68 x 966528
0%
71 x 926532
0%
66 x 996534
0%
76 x 866536
0%
77 x 856545
0%
78 x 846552
0%
72 x 916552
0%
69 x 956555
0%
79 x 836557
0%
81 x 816561
0%
67 x 986566
0%
73 x 906570
0%
14 x 47658
0%
70 x 946580
0%
74 x 896586
0%
68 x 976596
0%
12 x 55660
0%
20 x 33660
0%
75 x 886600
0%
71 x 936603
0%
76 x 876612
0%
77 x 866622
0%
72 x 926624
0%
69 x 966624
0%
13 x 51663
0%
17 x 39663
0%
78 x 856630
0%
67 x 996633
0%
79 x 846636
0%
80 x 836640
0%
81 x 826642
0%
73 x 916643
0%
19 x 35665
0%
70 x 956650
0%
18 x 37666
0%
74 x 906660
0%
68 x 986664
0%
71 x 946674
0%
75 x 896675
0%
76 x 886688
0%
69 x 976693
0%
72 x 936696
0%
77 x 876699
0%
78 x 866708
0%
11 x 61671
0%
79 x 856715
0%
73 x 926716
0%
12 x 56672
0%
21 x 32672
0%
14 x 48672
0%
24 x 28672
0%
80 x 846720
0%
81 x 836723
0%
82 x 826724
0%
68 x 996732
0%
74 x 916734
0%
71 x 956745
0%
25 x 27675
0%
75 x 906750
0%
13 x 52676
0%
69 x 986762
0%
76 x 896764
0%
72 x 946768
0%
77 x 886776
0%
78 x 876786
0%
73 x 936789
0%
70 x 976790
0%
79 x 866794
0%
17 x 40680
0%
20 x 34680
0%
80 x 856800
0%
81 x 846804
0%
82 x 836806
0%
74 x 926808
0%
71 x 966816
0%
11 x 62682
0%
22 x 31682
0%
75 x 916825
0%
69 x 996831
0%
12 x 57684
0%
19 x 36684
0%
18 x 38684
0%
72 x 956840
0%
76 x 906840
0%
77 x 896853
0%
14 x 49686
0%
70 x 986860
0%
73 x 946862
0%
78 x 886864
0%
79 x 876873
0%
16 x 43688
0%
80 x 866880
0%
74 x 936882
0%
81 x 856885
0%
71 x 976887
0%
82 x 846888
0%
83 x 836889
0%
13 x 53689
0%
23 x 30690
0%
15 x 46690
0%
75 x 926900
0%
72 x 966912
0%
76 x 916916
0%
11 x 63693
0%
21 x 33693
0%
70 x 996930
0%
77 x 906930
0%
73 x 956935
0%
78 x 896942
0%
79 x 886952
0%
74 x 946956
0%
71 x 986958
0%
12 x 58696
0%
24 x 29696
0%
80 x 876960
0%
81 x 866966
0%
17 x 41697
0%
82 x 856970
0%
83 x 846972
0%
75 x 936975
0%
72 x 976984
0%
76 x 926992
0%
25 x 28700
0%
20 x 35700
0%
77 x 917007
0%
73 x 967008
0%
13 x 54702
0%
18 x 39702
0%
26 x 27702
0%
78 x 907020
0%
71 x 997029
0%
19 x 37703
0%
74 x 957030
0%
79 x 897031
0%
16 x 44704
0%
22 x 32704
0%
80 x 887040
0%
81 x 877047
0%
75 x 947050
0%
82 x 867052
0%
83 x 857055
0%
84 x 847056
0%
72 x 987056
0%
12 x 59708
0%
73 x 977081
0%
77 x 927084
0%
78 x 917098
0%
74 x 967104
0%
79 x 907110
0%
80 x 897120
0%
75 x 957125
0%
81 x 887128
0%
72 x 997128
0%
23 x 31713
0%
82 x 877134
0%
83 x 867138
0%
21 x 34714
0%
14 x 51714
0%
84 x 857140
0%
76 x 947144
0%
11 x 65715
0%
13 x 55715
0%
73 x 987154
0%
77 x 937161
0%
78 x 927176
0%
74 x 977178
0%
79 x 917189
0%
12 x 60720
0%
20 x 36720
0%
15 x 48720
0%
24 x 30720
0%
18 x 40720
0%
16 x 45720
0%
75 x 967200
0%
80 x 907200
0%
81 x 897209
0%
82 x 887216
0%
19 x 38722
0%
76 x 957220
0%
84 x 867224
0%
85 x 857225
0%
73 x 997227
0%
77 x 947238
0%
74 x 987252
0%
78 x 937254
0%
11 x 66726
0%
22 x 33726
0%
79 x 927268
0%
13 x 56728
0%
26 x 28728
0%
14 x 52728
0%
80 x 917280
0%
27 x 27729
0%
81 x 907290
0%
76 x 967296
0%
82 x 897298
0%
83 x 887304
0%
84 x 877308
0%
17 x 43731
0%
85 x 867310
0%
77 x 957315
0%
12 x 61732
0%
74 x 997326
0%
78 x 947332
0%
79 x 937347
0%
15 x 49735
0%
21 x 35735
0%
75 x 987350
0%
16 x 46736
0%
23 x 32736
0%
80 x 927360
0%
11 x 67737
0%
81 x 917371
0%
76 x 977372
0%
82 x 907380
0%
83 x 897387
0%
77 x 967392
0%
84 x 887392
0%
85 x 877395
0%
86 x 867396
0%
20 x 37740
0%
19 x 39741
0%
13 x 57741
0%
78 x 957410
0%
14 x 53742
0%
75 x 997425
0%
79 x 947426
0%
24 x 31744
0%
12 x 62744
0%
80 x 937440
0%
76 x 987448
0%
81 x 927452
0%
82 x 917462
0%
77 x 977469
0%
83 x 907470
0%
84 x 897476
0%
17 x 44748
0%
22 x 34748
0%
11 x 68748
0%
85 x 887480
0%
86 x 877482
0%
78 x 967488
0%
15 x 50750
0%
25 x 30750
0%
79 x 957505
0%
16 x 47752
0%
80 x 947520
0%
76 x 997524
0%
81 x 937533
0%
13 x 58754
0%
26 x 29754
0%
82 x 927544
0%
77 x 987546
0%
83 x 917553
0%
27 x 28756
0%
21 x 36756
0%
14 x 54756
0%
84 x 907560
0%
85 x 897565
0%
78 x 977566
0%
86 x 887568
0%
87 x 877569
0%
79 x 967584
0%
11 x 69759
0%
23 x 33759
0%
20 x 38760
0%
80 x 957600
0%
81 x 947614
0%
77 x 997623
0%
82 x 937626
0%
83 x 927636
0%
84 x 917644
0%
78 x 987644
0%
15 x 51765
0%
17 x 45765
0%
85 x 907650
0%
86 x 897654
0%
87 x 887656
0%
79 x 977663
0%
13 x 59767
0%
12 x 64768
0%
24 x 32768
0%
16 x 48768
0%
80 x 967680
0%
81 x 957695
0%
82 x 947708
0%
83 x 937719
0%
78 x 997722
0%
84 x 927728
0%
85 x 917735
0%
18 x 43774
0%
86 x 907740
0%
79 x 987742
0%
87 x 897743
0%
88 x 887744
0%
25 x 31775
0%
80 x 977760
0%
21 x 37777
0%
81 x 967776
0%
82 x 957790
0%
12 x 65780
0%
15 x 52780
0%
13 x 60780
0%
83 x 947802
0%
11 x 71781
0%
84 x 937812
0%
17 x 46782
0%
23 x 34782
0%
79 x 997821
0%
86 x 917826
0%
27 x 29783
0%
88 x 897832
0%
14 x 56784
0%
16 x 49784
0%
80 x 987840
0%
81 x 977857
0%
82 x 967872
0%
83 x 957885
0%
84 x 947896
0%
85 x 937905
0%
86 x 927912
0%
87 x 917917
0%
11 x 72792
0%
18 x 44792
0%
22 x 36792
0%
12 x 66792
0%
80 x 997920
0%
88 x 907920
0%
89 x 897921
0%
13 x 61793
0%
81 x 987938
0%
15 x 53795
0%
82 x 977954
0%
83 x 967968
0%
19 x 42798
0%
14 x 57798
0%
21 x 38798
0%
84 x 957980
0%
17 x 47799
0%
85 x 947990
0%
86 x 937998
0%
25 x 32800
0%
16 x 50800
0%
87 x 928004
0%
88 x 918008
0%
89 x 908010
0%
81 x 998019
0%
11 x 73803
0%
82 x 988036
0%
12 x 67804
0%
23 x 35805
0%
83 x 978051
0%
26 x 31806
0%
13 x 62806
0%
84 x 968064
0%
85 x 958075
0%
86 x 948084
0%
87 x 938091
0%
88 x 928096
0%
89 x 918099
0%
18 x 45810
0%
27 x 30810
0%
15 x 54810
0%
28 x 29812
0%
14 x 58812
0%
22 x 37814
0%
11 x 74814
0%
84 x 978148
0%
12 x 68816
0%
17 x 48816
0%
24 x 34816
0%
16 x 51816
0%
85 x 968160
0%
19 x 43817
0%
86 x 958170
0%
87 x 948178
0%
88 x 938184
0%
89 x 928188
0%
21 x 39819
0%
13 x 63819
0%
20 x 41820
0%
83 x 998217
0%
84 x 988232
0%
85 x 978245
0%
25 x 33825
0%
15 x 55825
0%
86 x 968256
0%
14 x 59826
0%
87 x 958265
0%
88 x 948272
0%
89 x 938277
0%
12 x 69828
0%
23 x 36828
0%
18 x 46828
0%
90 x 928280
0%
91 x 918281
0%
84 x 998316
0%
26 x 32832
0%
13 x 64832
0%
16 x 52832
0%
17 x 49833
0%
85 x 988330
0%
86 x 978342
0%
87 x 968352
0%
22 x 38836
0%
19 x 44836
0%
11 x 76836
0%
88 x 958360
0%
89 x 948366
0%
27 x 31837
0%
90 x 938370
0%
91 x 928372
0%
28 x 30840
0%
20 x 42840
0%
24 x 35840
0%
12 x 70840
0%
15 x 56840
0%
14 x 60840
0%
29 x 29841
0%
85 x 998415
0%
86 x 988428
0%
87 x 978439
0%
88 x 968448
0%
89 x 958455
0%
18 x 47846
0%
90 x 948460
0%
92 x 928464
0%
11 x 77847
0%
16 x 53848
0%
25 x 34850
0%
17 x 50850
0%
23 x 37851
0%
86 x 998514
0%
12 x 71852
0%
87 x 988526
0%
88 x 978536
0%
14 x 61854
0%
89 x 968544
0%
15 x 57855
0%
19 x 45855
0%
90 x 958550
0%
91 x 948554
0%
92 x 938556
0%
11 x 78858
0%
13 x 66858
0%
22 x 39858
0%
26 x 33858
0%
87 x 998613
0%
88 x 988624
0%
89 x 978633
0%
27 x 32864
0%
16 x 54864
0%
24 x 36864
0%
18 x 48864
0%
12 x 72864
0%
90 x 968640
0%
91 x 958645
0%
92 x 948648
0%
17 x 51867
0%
28 x 31868
0%
14 x 62868
0%
11 x 79869
0%
15 x 58870
0%
29 x 30870
0%
13 x 67871
0%
88 x 998712
0%
89 x 988722
0%
90 x 978730
0%
91 x 968736
0%
19 x 46874
0%
23 x 38874
0%
92 x 958740
0%
93 x 948742
0%
25 x 35875
0%
12 x 73876
0%
16 x 55880
0%
20 x 44880
0%
18 x 49882
0%
14 x 63882
0%
21 x 42882
0%
90 x 988820
0%
91 x 978827
0%
92 x 968832
0%
93 x 958835
0%
94 x 948836
0%
17 x 52884
0%
13 x 68884
0%
26 x 34884
0%
15 x 59885
0%
12 x 74888
0%
24 x 37888
0%
27 x 33891
0%
11 x 81891
0%
90 x 998910
0%
91 x 988918
0%
92 x 978924
0%
93 x 968928
0%
19 x 47893
0%
94 x 958930
0%
14 x 64896
0%
16 x 56896
0%
28 x 32896
0%
23 x 39897
0%
13 x 69897
0%
29 x 31899
0%
20 x 45900
0%
25 x 36900
0%
18 x 50900
0%
15 x 60900
0%
12 x 75900
0%
91 x 999009
0%
17 x 53901
0%
92 x 989016
0%
22 x 41902
0%
11 x 82902
0%
93 x 979021
0%
94 x 969024
0%
95 x 959025
0%
21 x 43903
0%
13 x 70910
0%
14 x 65910
0%
26 x 35910
0%
92 x 999108
0%
93 x 989114
0%
94 x 979118
0%
16 x 57912
0%
24 x 38912
0%
19 x 48912
0%
12 x 76912
0%
95 x 969120
0%
11 x 83913
0%
17 x 54918
0%
18 x 51918
0%
27 x 34918
0%
23 x 40920
0%
20 x 46920
0%
93 x 999207
0%
94 x 989212
0%
95 x 979215
0%
13 x 71923
0%
11 x 84924
0%
12 x 77924
0%
28 x 33924
0%
21 x 44924
0%
14 x 66924
0%
22 x 42924
0%
25 x 37925
0%
29 x 32928
0%
16 x 58928
0%
15 x 62930
0%
30 x 31930
0%
94 x 999306
0%
19 x 49931
0%
95 x 989310
0%
96 x 979312
0%
17 x 55935
0%
11 x 85935
0%
13 x 72936
0%
24 x 39936
0%
12 x 78936
0%
26 x 36936
0%
18 x 52936
0%
14 x 67938
0%
20 x 47940
0%
95 x 999405
0%
96 x 989408
0%
97 x 979409
0%
23 x 41943
0%
16 x 59944
0%
27 x 35945
0%
15 x 63945
0%
21 x 45945
0%
11 x 86946
0%
22 x 43946
0%
12 x 79948
0%
13 x 73949
0%
19 x 50950
0%
25 x 38950
0%
96 x 999504
0%
97 x 989506
0%
14 x 68952
0%
28 x 34952
0%
17 x 56952
0%
18 x 53954
0%
29 x 33957
0%
11 x 87957
0%
24 x 40960
0%
16 x 60960
0%
20 x 48960
0%
30 x 32960
0%
97 x 999603
0%
98 x 989604
0%
31 x 31961
0%
26 x 37962
0%
13 x 74962
0%
21 x 46966
0%
23 x 42966
0%
14 x 69966
0%
22 x 44968
0%
19 x 51969
0%
17 x 57969
0%
98 x 999702
0%
27 x 36972
0%
12 x 81972
0%
25 x 39975
0%
13 x 75975
0%
15 x 65975
0%
16 x 61976
0%
11 x 89979
0%
14 x 70980
0%
28 x 35980
0%
99 x 999801
0%
24 x 41984
0%
12 x 82984
0%
29 x 34986
0%
17 x 58986
0%
21 x 47987
0%
26 x 38988
0%
13 x 76988
0%
23 x 43989
0%
15 x 66990
0%
18 x 55990
0%
30 x 33990
0%
11 x 90990
0%
16 x 62992
0%
31 x 32992
0%
12 x 83996
0%
27 x 37999
0%

Score Distribution

Percentile by Number Answered

Percent of People with Each Score

Your Score History

You have not taken this quiz